Online
Catalog

Obras completas de Baltasar Gracián / (Record no. 18662)

MARC details
000 -CABECERA
campo de control de longitud fija 01208nam a2200289 a 4500
001 - NÚMERO DE CONTROL
campo de control 000019144
005 - FECHA Y HORA DE LA ÚLTIMA TRANSACCIÓN
campo de control 20200929165932.0
008 - DATOS DE LONGITUD FIJA--INFORMACIÓN GENERAL
campo de control de longitud fija 100527s1993 sp r 000 f spa d
020 ## - NÚMERO INTERNACIONAL ESTÁNDAR DEL LIBRO
Número Internacional Estándar del Libro 8475063799 (vol.1)
020 ## - NÚMERO INTERNACIONAL ESTÁNDAR DEL LIBRO
Número Internacional Estándar del Libro 8475063802 (vol.2)
040 ## - FUENTE DE LA CATALOGACIÓN
Centro catalogador/agencia de origen DO-SdBNP
Lengua de catalogación spa
Centro/agencia transcriptor BNPHU
082 ## - NÚMERO DE LA CLASIFICACIÓN DECIMAL DEWEY
Número de clasificación 868.3
Número de documento/Ítem G731o
100 1# - ENTRADA PRINCIPAL--NOMBRE DE PERSONA
Nombre de persona Gracián y Morales, Baltasar,
Fechas asociadas al nombre 1601-1658
9 (RLIN) 3393
245 10 - MENCIÓN DE TÍTULO
Título Obras completas de Baltasar Gracián /
Mención de responsabilidad, etc. Baltasar Gracián ; editor Manuel Arroyo Stephens.
260 ## - PUBLICACIÓN, DISTRIBUCIÓN, ETC.
Lugar de publicación, distribución, etc. Madrid :
Nombre del editor, distribuidor, etc. Tuner Libros,
Fecha de publicación, distribución, etc. 1993.
300 ## - DESCRIPCIÓN FÍSICA
Extensión 2 v. ;
Dimensiones 23 cm.
490 1# - MENCIÓN DE SERIE
Mención de serie Biblioteca Castro
505 0# - NOTA DE CONTENIDO CON FORMATO
Información miscelánea v.1.
Título el criticón --
Información miscelánea v.2.
Título El héroe.-- El político.-- El discreto.-- El oráculo manual y arte de prudencia.--Agudeza y arte de ingenio.-- El comulgatorio.-- Escritos menores.
590 ## - NOTA LOCAL (RLIN)
Nota local Inventariado, 2019/MFF
600 14 - PUNTO DE ACCESO ADICIONAL DE MATERIA--NOMBRE DE PERSONA
Nombre de persona GRACIÁN Y MORALES, BALTASAR,
Fechas asociadas al nombre 1601-1658
9 (RLIN) 3393
650 #4 - PUNTO DE ACCESO ADICIONAL DE MATERIA--TÉRMINO DE MATERIA
Término de materia o nombre geográfico como elemento de entrada Autores españoles
Subdivisión cronológica PERÍODO CLÁSICO, 1500-1700
9 (RLIN) 41196
650 #4 - PUNTO DE ACCESO ADICIONAL DE MATERIA--TÉRMINO DE MATERIA
Término de materia o nombre geográfico como elemento de entrada Literatura española
Subdivisión cronológica SIGLO XVI-XVII
9 (RLIN) 41197
700 1# - PUNTO DE ACCESO ADICIONAL--NOMBRE DE PERSONA
Nombre de persona Arroyo Stephens, Manuel,
Término indicativo de función/relación ed.
9 (RLIN) 34595
710 2# - PUNTO DE ACCESO ADICIONAL--NOMBRE DE ENTIDAD CORPORATIVA
Nombre de entidad corporativa o nombre de jurisdicción como elemento de entrada Fundación José Antonio de Castro
9 (RLIN) 41198
830 #0 - PUNTO DE ACCESO ADICIONAL DE SERIE-TÍTULO UNIFORME
Título uniforme Biblioteca Castro
9 (RLIN) 12631
910 ## - DATOS DE OPCIÓN DEL USUARIO (OCLC)
Datos de opción del usuario Validado. Control de calidad MFF
Holdings
Estado de retiro Estado de pérdida Restricciones de uso No para préstamo Código de colección Localización permanente Ubicación/localización actual Ubicación en estantería Fecha de adquisición Número de inventario Total de préstamos Signatura topográfica completa Código de barras Fecha visto por última vez Precio válido a partir de Tipo de ítem Koha
      Excluido de préstamo Monografías: Libros y Folletos General General Depósito 27.05.2010 LF1   v.1 19144-10 25.06.2020 25.06.2020 No se presta
      Excluido de préstamo Monografías: Libros y Folletos General General Depósito 27.05.2010 LF1   868.3 G731o | v.2 19144-20 25.06.2020 25.06.2020 No se presta

Powered by Koha